Responses for show #6004 - Thursday, October 21, 2010

Contestants

Kathleen Mikulis, a stay-at-home mom from Mountain View, California

Mike Wilson, a business student from Grand Blanc, Michigan

Matt DeTura, a recent law school graduate from Washington, D.C. (whose 3-day cash winnings total $61,601)

Jeopardy! Round responses

JUST THE FACTS ON FILE, PLEASE
NFL CAREER PASSING LEADERS BY TEAM
OCTOBERFEAST
BLAME IT ON THE CASANOVA
THINK TWICE
DYNO-"ITE"
    $200 24
Haiti

Kathleen
    $200 15
(John) Elway

Matt
    $200 20
San Francisco

Kathleen
    $200 2
Lancelot

Kathleen
    $200 10
Peter, Paul and Mary

Mike
    $200 1
Walter Cronkite

Mike
    $400 28
(Marlon) Brando

Matt
    $400 16
(Joe) Montana

Mike
    $400 21
crab

Kathleen
    $400 6
Mark Antony

Mike
    $400 26
bitten

Matt
    $400 4
incite

Matt
    $600 13
Howard Hughes

Mike
    $600 17
(Dan) Marino

Mike
    $600 3
Epcot Center

Matt
    $600 7
Liszt

Matt
    $600 23
The Postman

Matt
    $600 5
graphite

Mike
    $2,000 29
(Matt: No, I don't know. Sorry.)

Manuel Noriega

Matt
    $800 18
(Joe) Namath

Matt
    $800 12
(Kathleen: What is ice cream?)

fudge

Kathleen
Triple Stumper
    $800 11
Napoléon

Kathleen
    $800 25
the circumference

Matt
    $800 8
a satellite

Triple Stumper
    $1000 30
North and South Korea

Kathleen
    $1000 19
(Troy) Aikman

Matt
    $1000 22
Charleston

Triple Stumper
    $1000 14
Potemkin

Matt
    $1000 27
zwieback

Triple Stumper
    $1000 9
erudite

Matt

Scores at the first commercial break (after clue 15):

Matt Mike Kathleen
$3,800 $2,000 $200

Scores at the end of the Jeopardy! Round:

Matt Mike Kathleen
$5,800 $3,000 $2,000

Double Jeopardy! Round responses

WELCOME TO INDIA
CELEBRITIES' FAVORITE MOVIES
SCIENCE
LITERARY WIDOWS & ORPHANS
THE ZODIAC SIGN THAT'S...
FROM THE FRENCH
    $400 5
(Kathleen: What is elephant?)

a train

MikeKathleen
    $400 11
Raging Bull

Mike
    $400 6
a kidney

Matt
    $400 18
a trophy

Matt
    $800 4
the Bay of Bengal

Kathleen
    $800 12
Kings of Comedy

Matt
    $800 7
buoyancy

Matt
    $800 17
Scorpio

Matt
    $800 19
an apprentice

Matt
    $2,000 1
sari

Kathleen
    $1200 13
Ferris Bueller's Day Off

Kathleen
    $1200 8
heat

Matt
    $1200 14
Gemini

Kathleen
    $1200 20
a plateau

Mike
    $1600 2
Delhi University

Kathleen
    $1600 25
The Maltese Falcon

Mike
    $1600 9
a propellant

Matt
    $1600 26
[The end-of-round signal sounds]

Great Expectations

Kathleen
    $1600 15
Virgo

Triple Stumper
    $1600 21
dinner

Triple Stumper
    $2000 3
an ashram

Mike
    $2000 24
In a Lonely Place

Triple Stumper
    $2000 10
the Cassini division

Triple Stumper
    $2000 23
One Year

Triple Stumper
    $2,800 16
Sagittarius

Kathleen
    $2000 22
(Alex: Less than a minute to go, Mike.)

complement or compliment

Triple Stumper

Scores at the end of the Double Jeopardy! Round:

Matt Mike Kathleen
$12,600 $8,600 $12,800

[wagering suggestions for these scores]

Final Jeopardy! Round responses

ART & ARTISTS
MikeWho are Van Gogh and Renoir?
$8,600
MattWho are Van Gogh and Monet?
$201
KathleenWho are Van Gogh & Gauguin?
$12,401
Van Gogh & Gauguin

Final scores:

Matt Mike Kathleen
$12,399 $0 $25,201
2nd place: $2,000 3rd place: $1,000 New champion: $25,201

Game dynamics:

Coryat scores:

Matt Mike Kathleen
$14,600 $8,600 $11,200
20 R,
1 W
(including 1 DD)
12 R,
0 W
13 R
(including 2 DDs),
2 W

Combined Coryat: $34,400

The J! Archive is created by fans, for fans. The Jeopardy! game show and all elements thereof, including but not limited to copyright and trademark thereto, are the property of Jeopardy Productions, Inc. and are protected under law. This website is not affiliated with, sponsored by, or operated by Jeopardy Productions, Inc. Join the discussion at JBoard.tv.